000 00291nam a22001337a 4500
008 180315b xxu||||| |||| 00| 0 eng d
020 _a0871508672
041 _aeng
080 _a51
100 _a36
101 _aMAT
245 _aELEMENTARY LINEAR ALGEBRA
_cVENIT.S
942 _2udc
_cBK
999 _c45115
_d45115